The Hp spaces of an annulus
Αποθηκεύτηκε σε:
| Κύριος συγγραφέας: | |
|---|---|
| Μορφή: | Βιβλίο |
| Γλώσσα: | English |
| Δημοσίευση: |
Providence, R.I. :
American Mathematical Society,
1988, c1965
|
| Έκδοση: | 1st ed., Repr. |
| Σειρά: | Memoirs of the American Mathematical Society ;
; 56 |
| Θέματα: | |
| Ετικέτες: |
Προσθήκη ετικέτας
Δεν υπάρχουν, Καταχωρήστε ετικέτα πρώτοι!
|
MARC
| LEADER | 00000nam a2200000 i 4500 | ||
|---|---|---|---|
| 001 | 1/45589 | ||
| 008 | 941103s19651988 eng d | ||
| 020 | |a 0-8218-1256-4 | ||
| 035 | |a 1993 |l 10042581 | ||
| 040 | |a GR-MY-UA |b gre |e aacr | ||
| 041 | 0 | |a eng | |
| 082 | 0 | |a 515.733 | |
| 100 | 1 | |a Sarason, Donald. | |
| 245 | 1 | 4 | |a The Hp spaces of an annulus / |c by Donald Sarason |
| 250 | |a 1st ed., Repr. | ||
| 260 | |a Providence, R.I. : |b American Mathematical Society, |c 1988, c1965 | ||
| 300 | |a 78 p.; |c 26 cm. | ||
| 490 | 1 | |a Memoirs of the American Mathematical Society |v ; 56 | |
| 500 | |a Includes bibliographical references (p. 76-78) | ||
| 650 | 0 | 0 | |a Hilbert space. |
| 830 | 0 | |a Memoirs of the American Mathematical Society ; |v ; 56 | |
| 852 | |a INST |b SAMOS |e 19941103 |h 515.733 SAR |p 005300002695 |q 005300002695 |t BK |y 0 | ||
| 909 | |a Σ |b 030527 | ||